| 000 | 00862nam a2200229Ia 4500 | ||
|---|---|---|---|
| 001 | 3364 | ||
| 003 | GE_BSU | ||
| 008 | 181216s||||||||xx |||||||||||||| ||und|| | ||
| 040 | _cGE_BSU | ||
| 080 | _a628.1/2(035.3) | ||
| 100 | _aПеревшикин А.К. Александров,А.А. Далматова, Н.Я. и др. | ||
| 245 | _aМонтаж систем внешнего водоснабжения и канализации. | ||
| 245 | _cРед.Р.Л.Черкинская, Г.А.Лебедева, Г.В.Рютина. | ||
| 250 | _aИзд 3-е, перераб. и доп. | ||
| 260 | _aМ. | ||
| 260 | _bСтройиздат. | ||
| 260 | _c1978. | ||
| 300 | _a572 стр. 22см. | ||
| 300 | _e412 табл. 223 рис. | ||
| 653 | _aМонтаж систем внешнего водоснабжения и канализации. | ||
| 942 | _cBK | ||
| 999 |
_c37405 _d37405 |
||